000 00747cab a2200229 4500
001 ABS47044
008 090401t1992 xxu||||| |||| 00| 0 eng d
035 _a(Sirsi) u60552
041 _aeng
245 _aFocus`92 Birmingham and Solihull
260 _c1992
350 _a0
490 _aChartered Surveyor Weekly
_v(92350 5 September 1992, 55-96(16)
520 _aReviews the office, industrial and retail market in Birmingham and Solihull.
650 _aBIRMINGHAM HEARTLANDS
650 _aBULL RING
650 _aLONDON AND EDINBURGH TRUST
650 _aPROPERTY-COMMERCIAL PROPERTY-OFFICE PROPERTY-OFFICE PROPERTY MARKET
690 _aPROPERTY-COMMERCIAL PROPERTY-COMMERCIAL PROPERTY MARKET
942 _n0
948 _c04/03/1997
999 _c37369
_d37369